Mystery Taylor Swift Song #111 - Statistics

General Stats
  • This quiz has been taken 307 times
  • The average score is 87 of 132
Answer Stats
Song % Correct
I
97%
the
96%
a
95%
you
94%
And
90%
me
89%
be
86%
one
85%
when
85%
your
85%
Folklore
84%
it
84%
in
83%
on
83%
That
83%
can
82%
don't
81%
for
81%
no
81%
this
81%
you're
80%
at
78%
see
78%
they
78%
know
77%
What
77%
with
77%
are
75%
But
75%
can't
75%
time
75%
Look
74%
So
74%
thing
74%
wanna
74%
would
74%
about
73%
Like
73%
that's
73%
affairs
72%
illicit
72%
speak
72%
"baby"
71%
by
71%
call
71%
It's
71%
just
71%
out
71%
made
70%
anyone
69%
him
69%
"kid"
69%
little
69%
single
69%
illicit affairs
68%
million
68%
show
68%
times
68%
else
66%
mess
66%
showed
66%
Tell
66%
You'll
66%
colors
65%
scream
65%
leave
64%
well
64%
fool
63%
friends
63%
lie
63%
meetings
63%
run
63%
Take
63%
their
63%
from
62%
always
61%
down
61%
godforsaken
61%
idiotic
61%
myself
61%
only
61%
damn
60%
dies
59%
parking
59%
secret
59%
stares
59%
Ends
58%
even
58%
language
58%
lots
58%
return
58%
ruin
58%
started
58%
flushed
57%
perfume
57%
picked
57%
shelf
57%
stop
57%
taught
57%
yourself
57%
beautiful
56%
behind
56%
first
56%
less
56%
rooms
56%
truth
56%
exist
55%
eyes
55%
hundred
55%
trace
55%
clandestine
54%
few
54%
high
54%
road
54%
head
53%
longing
53%
over
53%
keep
52%
words
52%
Make
51%
stolen
51%
nobody
50%
sees
50%
traveled
50%
worked
50%
drug
49%
born
48%
sure
48%
Hood
44%
glance
42%
mercurial
42%
dwindling
39%
No matching quizzes found
Score Distribution
Percent of People with Each Score
Percentile by Number Answered
Your Score History
You have not taken this quiz